Countries by Exclaves - Statistics

General Stats
  • This quiz has been taken 181 times
  • The average score is 8 of 15
Answer Stats
Exclave Country % Correct
French Guiana France
99%
Alaska United States
99%
Kaliningrad Oblast Russia
98%
Gibraltar United Kingdom
98%
Ceuta Spain
79%
Baarle-Nassau / Hertog Netherlands / Belgium
73%
Mützenich Germany
66%
Cabinda Angola
57%
Nakhchivan Azerbaijan
50%
Temburong Brunei
24%
Sokh Uzbekistan
23%
Vorukh Tajikistan
22%
Oecusse East Timor
20%
Musandam Oman
20%
Nahwa United Arab Emirates
16%
No matching quizzes found
Score Distribution
Percent of People with Each Score
Percentile by Number Answered
Your Score History
You have not taken this quiz